000 01208cam a2200277 4500
001 WB4006-12
008 040210n2004 000 0 eng u
035 _a(Sirsi) u125095
050 0 4 _a711.1
050 0 4 _a711.1
050 0 4 _a711.1
245 _aFlooding guidance published
260 _c2004
490 _aScottish Executive News Release
_v(SEC393/2004) 6 February 2004 (2)
520 _aThe Scottish Executive has published "Scottish Planning Policy 7: Planning and Flooding" (SPP7), which aims to avoid more development in areas at risk from flooding. It allows planning authorities to refuse permission on the grounds of flood risk and seeks a responsible attitude from developers in considering proposals for new development. It also recognises that predicted climate change may affect the risk of flooding. Copies can be downloaded from http://www.scotland.gov.uk/library5/planning/spp7- 00.asp http://www.scotland.gov.uk/pages/news/2004/02/SEC3 93.aspx
590 _aWB
590 _aWB
650 _aSCOTLAND
650 _aFLOODING
650 _aCLIMATE CHANGE
650 _aFLOOD PREVENTION
650 _aFLOOD RISK
650 _aSPP7
690 _aPLANNING
942 _n0
999 _c117007
_d117007